Securing India's Future In The New Millennium (Record no. 221047)

MARC details
000 -LEADER
fixed length control field 01259nam a22002657a 4500
005 - DATE AND TIME OF LATEST TRANSACTION
control field 20220103142420.0
008 - FIXED-LENGTH DATA ELEMENTS--GENERAL INFORMATION
fixed length control field 220103b ||||| |||| 00| 0 eng d
020 ## - INTERNATIONAL STANDARD BOOK NUMBER
International Standard Book Number 8125017216
040 ## - CATALOGING SOURCE
Transcribing agency AL
041 ## - LANGUAGE CODE
Language code of text/sound track or separate title eng
082 ## - DEWEY DECIMAL CLASSIFICATION NUMBER
Edition number 23
Classification number 355.033
Item number CHES
100 ## - MAIN ENTRY--PERSONAL NAME
Personal name Brahma Chellaney Ed
100 ## - MAIN ENTRY--PERSONAL NAME
9 (RLIN) 12292
245 ## - TITLE STATEMENT
Title Securing India's Future In The New Millennium
260 ## - PUBLICATION, DISTRIBUTION, ETC.
Place of publication, distribution, etc. Hyderabad:
Name of publisher, distributor, etc. Orient Longman,
Date of publication, distribution, etc. 1999.
300 ## - PHYSICAL DESCRIPTION
Extent xxvi,612 p.
Other physical details HB
Dimensions 22x14 cm.
365 ## - TRADE PRICE
Price amount 700.00
Currency code
Unit of pricing 700.00
520 ## - SUMMARY, ETC.
Summary, etc. The first comprehensive study of the different facets of India s national security, the book looks ahead at the challenges of the coming years. India s leading experts on strategic affairs, including seven advisers to the National Security Council examine the tasks that lie ahead. This book is designed to initiate a wider public debate on those challenges and opportunities and help India develop a strategic culture and an institutionalised, integrated approach to national security.
650 ## - SUBJECT ADDED ENTRY--TOPICAL TERM
Topical term or geographic name entry element Military Science
9 (RLIN) 12286
650 ## - SUBJECT ADDED ENTRY--TOPICAL TERM
Topical term or geographic name entry element Lessons of History
9 (RLIN) 12287
650 ## - SUBJECT ADDED ENTRY--TOPICAL TERM
Topical term or geographic name entry element Technology and Energy
9 (RLIN) 12288
650 ## - SUBJECT ADDED ENTRY--TOPICAL TERM
Topical term or geographic name entry element Non Military Instruments
9 (RLIN) 12289
650 ## - SUBJECT ADDED ENTRY--TOPICAL TERM
Topical term or geographic name entry element Military Power
9 (RLIN) 12290
700 ## - ADDED ENTRY--PERSONAL NAME
Personal name CHELLANEY (Brahma) Ed
9 (RLIN) 12291
942 ## - ADDED ENTRY ELEMENTS (KOHA)
Source of classification or shelving scheme Dewey Decimal Classification
Koha item type George Fernandes Collections
Holdings
Withdrawn status Lost status Source of classification or shelving scheme Damaged status Not for loan Collection code Home library Current library Date acquired Total Checkouts Full call number Barcode Date last seen Price effective from Koha item type
    Dewey Decimal Classification     Others St Aloysius Library St Aloysius Library 03/24/2013   355.033 CHES GF00461 01/03/2022 01/03/2022 George Fernandes Collections